000
00242nam a2200097Ia 4500
008
230915s9999 xx 000 0 und d
050
_a
TX 911.3.M27 C68 1995
100
_a
COUSINS, JOHN
245
0
_a
FOOD AND BEVERAGE MANAGEMENT
942
_c
BK
999
_c
206116
_d
206116